000 002740000a22000970004500
100 1 _aTson, Josef
245 1 0 _aSuffering and martyrdom : God's strategy in the world
300 _aVol.21, núm.4 (March-April, 1999), Páginas 28-31
773 0 _tMission Frontiers
942 _cANA
999 _c60317
_d60317